[Event "Moscow Sveshnikov Memorial Blitz"]
[Site "Moscow"]
[Date "2023.12.09"]
[Round "1"]
[White "Bogumil, Tatiana"]
[Black "Raetsky, Alexander"]
[Result "0-1"]
[WhiteElo "2090"]
[BlackElo "2310"]
[PlyCount "48"]
[EventDate "2023.12.09"]
[EventType "tourn (blitz)"]
[EventRounds "11"]
[EventCountry "RUS"]
[EventCategory "1"]
[SourceTitle "CB50_2023"]
[SourceDate "2023.12.13"]
[SourceVersion "1"]
[SourceVersionDate "2023.12.13"]
[SourceQuality "1"]

1. Nf3 d5 2. c4 d4 3. b4 f6 4. Bb2 e5 5. c5 a5 6. a3 axb4 7. axb4 Rxa1 8. Bxa1 Be6 9. e3 dxe3 10. fxe3 Ne7 11. Qc2 Nd5 12. Bc3 Be7 13. Bb5+ Nc6 14. 0-0 0-0 15. Qb2 Kh8 16. Na3 Nxc3 17. Qxc3 Qd7 18. d4 exd4 19. Nxd4 Bd5 20. Nac2 Qg4 21. Qd2 Ne5 22. Rf4 Qg5 23. Bd3 Nxd3 24. Qxd3 Qxg2# 0-1

[Event "Moscow Sveshnikov Memorial Blitz"]
[Site "Moscow"]
[Date "2023.12.09"]
[Round "6"]
[White "Mikhaylova, Irina"]
[Black "Raetsky, Alexander"]
[Result "1/2-1/2"]
[WhiteElo "2169"]
[BlackElo "2310"]
[PlyCount "97"]
[EventDate "2023.12.09"]
[EventType "tourn (blitz)"]
[EventRounds "11"]
[EventCountry "RUS"]
[EventCategory "1"]
[SourceTitle "CB50_2023"]
[SourceDate "2023.12.13"]
[SourceVersion "1"]
[SourceVersionDate "2023.12.13"]
[SourceQuality "1"]

1. d4 d5 2. c4 e5 3. dxe5 d4 4. Nf3 Nc6 5. Nbd2 Bg4 6. h3 Bh5 7. g4 Bg6 8. Bg2 Qe7 9. Nb3 0-0-0 10. Bg5 f6 11. exf6 gxf6 12. Bf4 h5 13. Kf1 hxg4 14. hxg4 Rxh1+ 15. Bxh1 Nh6 16. g5 Ng4 17. gxf6 Qxf6 18. Bg5 Qh8 19. Bg2 Rd7 20. Qd2 d3 21. exd3 Bxd3+ 22. Kg1 Nce5 23. Qf4 Bd6 24. Nh4 Rf7 25. Qg3 Rxf2 26. Bh3 Nf3+ 27. Qxf3 Rxf3 28. Bxg4+ Kb8 29. Nxf3 a5 30. c5 Be5 31. Rd1 a4 32. Rxd3 axb3 33. axb3 Ka7 34. c6 bxc6 35. Be3+ Kb7 36. Bg5 Bxb2 37. Kg2 Qe8 38. Re3 Qg8 39. Re4 Qxb3 40. Kg3 Bc3 41. Re3 Qc4 42. Bf5 Qc5 43. Kg4 Qb4+ 44. Re4 Qd6 45. Re3 Qc5 46. Re4 Qd6 47. Re3 Qc5 48. Re4 Qd6 49. Re3 1/2-1/2

[Event "Beirut op 11th"]
[Site "Beirut"]
[Date "2022.11.12"]
[Round "1"]
[White "Raetsky, Alexander"]
[Black "Kaddah, Hassan"]
[Result "1-0"]
[WhiteElo "2372"]
[BlackElo "1162"]
[PlyCount "53"]
[EventDate "2022.11.12"]
[EventType "swiss"]
[EventRounds "9"]
[EventCountry "LBN"]
[SourceTitle "CBM 211 Extra"]
[Source "ChessBase"]
[SourceDate "2023.01.31"]
[SourceVersion "1"]
[SourceVersionDate "2023.01.31"]
[SourceQuality "1"]

1. d4 Nf6 2. c4 g6 3. Nc3 Bg7 4. e4 d6 5. Be2 0-0 6. Bg5 Nbd7 7. Qd2 e5 8. d5 Nc5 9. f3 a5 10. g4 a4 11. h4 Qd7 12. h5 c6 13. Nh3 gxh5 14. Bh6 Ne8 15. gxh5 f6 16. 0-0-0 Kh8 17. Be3 a3 18. b4 Na6 19. b5 cxb5 20. cxb5 Nac7 21. h6 f5 22. hxg7+ Nxg7 23. Ng5 h5 24. f4 exf4 25. Bd4 fxe4 26. Bxh5 Nxb5 27. Qh2 1-0

[Event "RUS-ch Rapid"]
[Site "Sochi"]
[Date "2022.10.16"]
[Round "11"]
[White "Raetsky, Alexander"]
[Black "Demidov, Mikhail"]
[Result "0-1"]
[WhiteElo "2384"]
[BlackElo "2568"]
[PlyCount "66"]
[EventDate "2022.10.15"]
[EventType "swiss (rapid)"]
[EventRounds "11"]
[EventCountry "RUS"]
[SourceTitle "CBM 210 Extra"]
[Source "ChessBase"]
[SourceDate "2022.11.30"]
[SourceVersion "1"]
[SourceVersionDate "2022.11.30"]
[SourceQuality "1"]

1. d4 g6 2. c4 Bg7 3. Nc3 d6 4. e4 e5 5. dxe5 dxe5 6. Qxd8+ Kxd8 7. f4 exf4 8. Bxf4 Bxc3+ 9. bxc3 Be6 10. 0-0-0+ Kc8 11. Nf3 Nd7 12. Ng5 Ngf6 13. Be2 a5 14. e5 Ne8 15. Rhf1 Ng7 16. g4 h5 17. h3 a4 18. Bg3 hxg4 19. hxg4 Rf8 20. Rh1 Ra5 21. Rh7 Rg8 22. Rdh1 Nxe5 23. Rh8 Rxh8 24. Rxh8+ Kd7 25. Rh7 Ne8 26. Ne4 Nxc4 27. g5 Ncd6 28. Nf6+ Nxf6 29. gxf6 Ne4 30. Be1 Nxf6 31. Rh4 Re5 32. Kd1 Bxa2 33. Bb5+ Rxb5 0-1

[Event "RUS-ch Rapid"]
[Site "Sochi"]
[Date "2022.10.15"]
[Round "5"]
[White "Raetsky, Alexander"]
[Black "Kukhmazov, Arsen"]
[Result "0-1"]
[WhiteElo "2384"]
[BlackElo "2495"]
[PlyCount "74"]
[EventDate "2022.10.15"]
[EventType "swiss (rapid)"]
[EventRounds "11"]
[EventCountry "RUS"]
[SourceTitle "CBM 210 Extra"]
[Source "ChessBase"]
[SourceDate "2022.11.30"]
[SourceVersion "1"]
[SourceVersionDate "2022.11.30"]
[SourceQuality "1"]

1. d4 Nf6 2. c4 e6 3. g3 d5 4. Bg2 dxc4 5. Nf3 c6 6. Ne5 Bb4+ 7. Nc3 Nd5 8. Bd2 b5 9. 0-0 0-0 10. a4 a5 11. e4 Nc7 12. Be3 Bb7 13. f4 Nd7 14. Qe2 f6 15. Nf3 Be7 16. Rad1 Qe8 17. Bf2 b4 18. Nb1 Ba6 19. Rfe1 c5 20. d5 exd5 21. exd5 Bd6 22. Qc2 Qd8 23. Nbd2 Nb6 24. Ne4 b3 25. Qc1 Nxa4 26. Nfd2 f5 27. Ng5 Qf6 28. Nxc4 Bxc4 29. Qxc4 Nxb2 30. Qxb3 a4 31. Qa2 Nxd1 32. Rxd1 Nb5 33. Rc1 a3 34. Ne6 Qb2 35. Rc2 Qxa2 36. Rxa2 Nc3 37. Ra1 Rfb8 0-1

[Event "St Petersburg-ch Seniors Blitz"]
[Site "St Petersburg"]
[Date "2022.10.05"]
[Round "4"]
[White "Shalygin, Andreij"]
[Black "Raetsky, Alexander"]
[Result "1-0"]
[WhiteElo "2136"]
[BlackElo "2284"]
[PlyCount "72"]
[EventDate "2022.10.05"]
[EventType "swiss"]
[EventRounds "11"]
[EventCountry "RUS"]
[SourceTitle "CBM 210 Extra"]
[Source "ChessBase"]
[SourceDate "2022.11.30"]
[SourceVersion "1"]
[SourceVersionDate "2022.11.30"]
[SourceQuality "1"]

1. e4 c5 2. Nf3 Nc6 3. c3 Nf6 4. e5 Nd5 5. d4 cxd4 6. Bc4 Nb6 7. Bb3 g6 8. Ng5 d5 9. exd6 e6 10. Ne4 Bg7 11. Bg5 f6 12. Bf4 0-0 13. cxd4 Kh8 14. Nbc3 f5 15. Ng5 Nxd4 16. 0-0 e5 17. Be3 Qf6 18. f4 exf4 19. Bxf4 Bd7 20. Nd5 Nxd5 21. Bxd5 Rae8 22. Rf2 h6 23. Nf3 g5 24. Nxd4 Qxd4 25. Qh5 gxf4 26. Rd1 Qb6 27. Rdf1 Rf6 28. Kh1 Rxd6 29. Bf7 Rf8 30. Rxf4 Qxb2 31. Bb3 Qf6 32. h3 Qg5 33. Qf3 Bc6 34. Qf2 Be5 35. Rh4 Rd3 36. Rg4 Qe3 1-0

[Event "Newcastle Northumbria Masters"]
[Site "Newcastle on Tyne"]
[Date "2019.08.23"]
[Round "1"]
[White "Raetsky, Alexander"]
[Black "Brett, Andrew"]
[Result "1-0"]
[WhiteElo "2394"]
[BlackElo "2114"]
[PlyCount "76"]
[EventDate "2019.08.23"]
[EventType "swiss"]
[EventRounds "9"]
[EventCountry "ENG"]
[SourceTitle "EXT 2020"]
[Source "ChessBase"]
[SourceDate "2019.10.17"]
[SourceVersion "1"]
[SourceVersionDate "2019.10.17"]
[SourceQuality "1"]

1. d4 Nf6 2. Nc3 d5 3. Bg5 e6 4. e4 dxe4 5. Nxe4 Bb4+ 6. c3 Be7 7. Bxf6 gxf6 8. Nf3 b6 9. Bb5+ c6 10. Bd3 Bb7 11. Qe2 Nd7 12. 0-0 Qc7 13. b4 a5 14. a3 Qf4 15. Rab1 0-0 16. Rfe1 Rfe8 17. Ned2 axb4 18. axb4 Ra2 19. Bc4 Raa8 20. Qd3 Nf8 21. Ne4 Rad8 22. Qc2 f5 23. Ned2 Ng6 24. Re3 Kh8 25. Bf1 Bf6 26. Nc4 Qc7 27. Nfe5 c5 28. Nxg6+ fxg6 29. dxc5 bxc5 30. b5 Bd5 31. b6 Qb8 32. Qa4 Re7 33. Qa5 Bxc4 34. Bxc4 e5 35. Qxc5 Red7 36. Ree1 e4 37. Be6 Rd6 38. Ba2 Rd2 1-0

[Event "Beirut op 10th"]
[Site "Beirut"]
[Date "2019.05.03"]
[Round "9"]
[White "Raetsky, Alexander"]
[Black "Bernadskiy, Vitaliy"]
[Result "0-1"]
[WhiteElo "2394"]
[BlackElo "2587"]
[PlyCount "100"]
[EventDate "2019.04.25"]
[EventType "swiss"]
[EventRounds "9"]
[EventCountry "LBN"]
[SourceTitle "CBM 190 Extra"]
[Source "ChessBase"]
[SourceDate "2019.07.15"]
[SourceVersion "1"]
[SourceVersionDate "2019.07.15"]
[SourceQuality "1"]

1. d4 d5 2. c4 e6 3. Nf3 a6 4. cxd5 exd5 5. Nc3 c6 6. Qc2 Bd6 7. Bg5 Ne7 8. e3 f6 9. Bh4 Bf5 10. Bd3 Bxd3 11. Qxd3 Qd7 12. Bg3 Qf5 13. Qxf5 Nxf5 14. Bxd6 Nxd6 15. Na4 Nd7 16. Rc1 0-0 17. Nc5 Nxc5 18. dxc5 Nc4 19. b3 Ne5 20. Ke2 Nxf3 21. Kxf3 Rae8 22. Rhd1 Re4 23. Rd2 f5 24. g3 Kf7 25. h4 Kf6 26. Ke2 Rfe8 27. Rc3 f4 28. Kf3 fxe3 29. Rxe3 a5 30. a3 h5 31. Rd1 Rxe3+ 32. fxe3 Re4 33. Rd4 Ke5 34. Rd1 g6 35. Re1 a4 36. Rb1 d4 37. exd4+ Rxd4 38. bxa4 Rxa4 39. Rxb7 Rxa3+ 40. Kf2 Rc3 41. Rg7 Kf6 42. Rc7 Rxc5 43. Kf3 Rc3+ 44. Kf4 Rc4+ 45. Kf3 Ke5 46. Re7+ Kd6 47. Rg7 Rg4 48. Rg8 c5 49. Rd8+ Ke5 50. Rd1 c4 0-1

[Event "Beirut op 10th"]
[Site "Beirut"]
[Date "2019.05.01"]
[Round "6"]
[White "Hariri, Nizar"]
[Black "Raetsky, Alexander"]
[Result "0-1"]
[WhiteElo "1958"]
[BlackElo "2394"]
[PlyCount "58"]
[EventDate "2019.04.25"]
[EventType "swiss"]
[EventRounds "9"]
[EventCountry "LBN"]
[SourceTitle "CBM 190 Extra"]
[Source "ChessBase"]
[SourceDate "2019.07.15"]
[SourceVersion "1"]
[SourceVersionDate "2019.07.15"]
[SourceQuality "1"]

1. c4 Nf6 2. g3 g6 3. Bg2 Bg7 4. Nc3 0-0 5. d4 d6 6. Nf3 Nbd7 7. 0-0 e5 8. e4 c6 9. h3 Re8 10. dxe5 dxe5 11. Be3 Qe7 12. Qc2 Nc5 13. Nd2 Nh5 14. Bxc5 Qxc5 15. Na4 Qe7 16. c5 Be6 17. Rad1 f5 18. Nc4 Rf8 19. exf5 gxf5 20. Nd6 e4 21. Nc3 Kh8 22. Ne2 Be5 23. Nd4 Rad8 24. Qe2 Ng7 25. Nxe6 Nxe6 26. g4 Nf4 27. Qe3 Nxg2 28. Kxg2 f4 29. Nf5 fxe3 0-1

[Event "Beirut op 10th"]
[Site "Beirut"]
[Date "2019.04.30"]
[Round "5"]
[White "Raetsky, Alexander"]
[Black "Najjar, Ahmad"]
[Result "1/2-1/2"]
[WhiteElo "2394"]
[BlackElo "2233"]
[PlyCount "119"]
[EventDate "2019.04.25"]
[EventType "swiss"]
[EventRounds "9"]
[EventCountry "LBN"]
[SourceTitle "CBM 190 Extra"]
[Source "ChessBase"]
[SourceDate "2019.07.15"]
[SourceVersion "1"]
[SourceVersionDate "2019.07.15"]
[SourceQuality "1"]

1. d4 g6 2. e4 Bg7 3. Nc3 c5 4. dxc5 Bxc3+ 5. bxc3 Qa5 6. Qd4 Nf6 7. Qb4 Qxb4 8. cxb4 Nxe4 9. f3 Nf6 10. Bb2 b6 11. cxb6 axb6 12. a3 0-0 13. 0-0-0 Nh5 14. Bb5 d6 15. Ne2 Bd7 16. Nd4 Rc8 17. Rhe1 Kf8 18. Kb1 Nf4 19. g3 Bxb5 20. Nxb5 Ne6 21. f4 Rc4 22. f5 gxf5 23. Rd5 f4 24. Rh5 fxg3 25. Rxh7 Rg4 26. hxg3 Nc6 27. Rf1 Ncd8 28. Rf3 Rc8 29. Re3 Rcc4 30. Nc3 Rc7 31. Nd5 Rb7 32. Rf3 Ke8 33. Bf6 Rg8 34. Bh4 Ng5 35. Bxg5 Rxg5 36. c4 b5 37. Re3 Ne6 38. Nf6+ Kf8 39. Ne4 Re5 40. Nc5 Rxe3 41. Nxb7 Rxa3 42. cxb5 Rxg3 43. Rh8+ Kg7 44. Re8 Rb3+ 45. Ka2 Rxb4 46. Rxe7 Ra4+ 47. Kb2 Ra7 48. Rd7 Nd8 49. Rxd8 Rxb7 50. Rxd6 Rxb5+ 51. Kc3 Re5 52. Kd3 f6 53. Ra6 Kg6 54. Ra1 f5 55. Kd2 f4 56. Re1 Ra5 57. Ke2 Kg5 58. Kf2 Ra2+ 59. Re2 Ra3 60. Re8 1/2-1/2

[Event "Abu Dhabi op 25th"]
[Site "Abu Dhabi"]
[Date "2018.08.15"]
[Round "9"]
[White "Raetsky, Alexander"]
[Black "Raahul, VS."]
[Result "1/2-1/2"]
[WhiteElo "2380"]
[BlackElo "2277"]
[PlyCount "62"]
[EventDate "2018.08.07"]
[EventType "swiss"]
[EventRounds "9"]
[EventCountry "UAE"]
[SourceTitle "CBM 185 Extra"]
[Source "ChessBase"]
[SourceDate "2018.07.29"]
[SourceVersion "1"]
[SourceVersionDate "2018.07.29"]
[SourceQuality "1"]

1. e4 e5 2. Bc4 Nf6 3. Nc3 Nc6 4. d3 Be7 5. f4 0-0 6. Nf3 exf4 7. Bxf4 Na5 8. a3 Nxc4 9. dxc4 d6 10. Qe2 Be6 11. 0-0-0 Nd7 12. Rhe1 Bf6 13. Nd5 Bxd5 14. exd5 Re8 15. Qxe8+ Qxe8 16. Rxe8+ Rxe8 17. Re1 Rxe1+ 18. Nxe1 Be5 19. Nd3 Bxf4+ 20. Nxf4 g5 21. Ne2 Kg7 22. Kd2 a6 23. Ke3 Ne5 24. Kd4 f5 25. c5 Kf6 26. cxd6 cxd6 27. c4 b6 28. b4 Nd7 29. h3 h5 30. g3 Ke7 31. Nc1 Kf6 1/2-1/2

[Event "Abu Dhabi op 25th"]
[Site "Abu Dhabi"]
[Date "2018.08.11"]
[Round "4"]
[White "Kushagra, Mohan"]
[Black "Raetsky, Alexander"]
[Result "0-1"]
[WhiteElo "2270"]
[BlackElo "2380"]
[PlyCount "90"]
[EventDate "2018.08.07"]
[EventType "swiss"]
[EventRounds "9"]
[EventCountry "UAE"]
[SourceTitle "CBM 185 Extra"]
[Source "ChessBase"]
[SourceDate "2018.07.29"]
[SourceVersion "1"]
[SourceVersionDate "2018.07.29"]
[SourceQuality "1"]

1. e4 c5 2. Nf3 Nc6 3. d4 cxd4 4. Nxd4 Qb6 5. Nb3 Nf6 6. Nc3 e6 7. Be3 Qc7 8. a3 a6 9. f4 d6 10. Be2 Be7 11. 0-0 b5 12. Qe1 0-0 13. Bf3 Rb8 14. Qf2 Rd8 15. g4 Nd7 16. g5 Nb6 17. Nd2 b4 18. Ne2 bxa3 19. Rxa3 d5 20. Rd3 a5 21. Nd4 Na4 22. exd5 Nxd4 23. Bxd4 Ba6 24. c4 Nxb2 25. Rc3 Na4 26. Be5 Bd6 27. Ra3 Nc5 28. Bxd6 Rxd6 29. Rfa1 a4 30. Re1 Rdb6 31. Qd4 Qd6 32. f5 exf5 33. Rae3 Rf8 34. Bg2 Bc8 35. Nf3 Bd7 36. Ne5 Rb3 37. R3e2 a3 38. Kh1 Ba4 39. Qf4 g6 40. Qh4 Rb2 41. Re3 a2 42. Rh3 h5 43. Ra3 Re8 44. Qd4 Rb1 45. Rg1 Qxe5 0-1